Pandemic kinship : families, intervention, and social change in Botswana's time of AIDS (Record no. 85849)

MARC details
000 -LEADER
fixed length control field 00873 a2200253 4500
003 - CONTROL NUMBER IDENTIFIER
control field CBULib
005 - DATE AND TIME OF LATEST TRANSACTION
control field 20241212070009.0
008 - FIXED-LENGTH DATA ELEMENTS--GENERAL INFORMATION
fixed length control field 241210b |||||||| |||| 00| 0 eng d
020 ## - INTERNATIONAL STANDARD BOOK NUMBER
International Standard Book Number 9781009150224
040 ## - CATALOGING SOURCE
Language of cataloging English
Transcribing agency CBULib
Description conventions rda
050 ## - LIBRARY OF CONGRESS CALL NUMBER
Classification number HQ 693.9 Rec
100 ## - MAIN ENTRY--PERSONAL NAME
Personal name Reece, Koreen M.
245 ## - TITLE STATEMENT
Title Pandemic kinship : families, intervention, and social change in Botswana's time of AIDS
Statement of responsibility, etc / by Koreen M.Reece
260 ## - PUBLICATION, DISTRIBUTION, ETC. (IMPRINT)
Name of publisher, distributor, etc Cambridge University Press,
Date of publication, distribution, etc 2022
Place of publication, distribution, etc New York :
300 ## - PHYSICAL DESCRIPTION
Extent xiv, 308 pages : illustrations.
336 ## - CONTENT TYPE
Source rdacontent
Content type term Text |
Content type code txt
337 ## - MEDIA TYPE
Source rdamedia
Media type term Unmediated |
Media type code n
338 ## - CARRIER TYPE
Source rdacarrier
Carrier type term Volume
Carrier type code nc
500 ## - GENERAL NOTE
General note Includes bibliographical references and index.<br/>
650 #0 - SUBJECT ADDED ENTRY--TOPICAL TERM
9 (RLIN) 4154
Topical term or geographic name as entry element FAMILIES-BOTSWANA
650 #0 - SUBJECT ADDED ENTRY--TOPICAL TERM
9 (RLIN) 4155
Topical term or geographic name as entry element KINSHIP-BOTSWANA
650 #0 - SUBJECT ADDED ENTRY--TOPICAL TERM
9 (RLIN) 4156
Topical term or geographic name as entry element AIDS (DISEASE) - SOCIAL ASPECTS-BOTSWANA
942 ## - ADDED ENTRY ELEMENTS (KOHA)
Source of classification or shelving scheme
Koha item type MONOGRAPH
Holdings
Withdrawn status Lost status Source of classification or shelving scheme Damaged status Not for loan Collection code Permanent Location Current Location Shelving location Date acquired Source of acquisition Total Checkouts Full call number Barcode Date last seen Price effective from Koha item type
          CBU-Lusaka Campus CBU- LUSAKA CAMPUS CBU-MAIN LIBRARY, KITWE. General Stacks 12/10/2024 BOOK AID INTERNATIONAL   HQ 693.9 Rec 753235 12/10/2024 12/10/2024 MONOGRAPH
          CBU-Lusaka Campus CBU- LUSAKA CAMPUS CBU-MAIN LIBRARY, KITWE. General Stacks 12/10/2024 BOOK AID INTERNATIONAL   HQ 693.9 Rec 753236 12/10/2024 12/10/2024 MONOGRAPH